|
|
|
|
| LEADER |
01120nam a2200301 4500 |
| 001 |
c000355420 |
| 003 |
CARM |
| 005 |
00000000000000.0 |
| 008 |
750515s1973 sw a b 00010 eng |
| 015 |
|
|
|a S***
|
| 019 |
1 |
|
|a 264664
|5 LACONCORD2021
|
| 020 |
|
|
|a 917152018X
|
| 035 |
|
|
|a (OCoLC)1500715
|5 LACONCORD2021
|
| 043 |
|
|
|a e-sw---
|
| 050 |
0 |
0 |
|a HD4928.B6
|b L545
|
| 100 |
1 |
|
|a Lindestad, Hans,
|d 1925-
|
| 245 |
1 |
0 |
|a Autonomous groups and payment by result
|c [by] Hans Lindestad and Jan-Peder Norstedt.
|
| 260 |
|
|
|a [Stockholm]
|b Swedish Employers' Confederation, Technical Department
|c [1973]
|
| 300 |
|
|
|a 79 p.
|b illus.
|c 21 cm.
|
| 504 |
|
|
|a Bibliography: p. 79.
|
| 650 |
|
0 |
|a Bonus system
|z Sweden.
|
| 650 |
|
0 |
|a Wages and labor productivity
|z Sweden.
|
| 700 |
1 |
|
|a Norstedt, Jan-Peder.
|e joint author.
|
| 710 |
2 |
|
|a Svenska arbetsgivareföreningen.
|
| 852 |
8 |
|
|b CARM
|h A1:AN18E0
|i C09786
|p 0420400
|f BK
|
| 082 |
0 |
4 |
|a 658.32/25
|
| 999 |
f |
f |
|i 5fbdc3af-140d-5a88-9c8b-d62879e2312d
|s 3c2c8861-3fe1-535b-b3fc-c67c0e80e574
|
| 952 |
f |
f |
|p Can circulate
|a CAVAL
|b CAVAL
|c CAVAL
|d CARM 1 Store
|e C09786
|f A1:AN18E0
|h Other scheme
|i book
|m 0420400
|